Philosophy of Islamic Law and the Orientalists (Record no. 11721)

MARC details
000 -LEADER
fixed length control field 00629nam a2200241 a 4500
020 ## - INTERNATIONAL STANDARD BOOK NUMBER
ISBN
082 00 - DEWEY DECIMAL CLASSIFICATION NUMBER
Classification number 340.59
Author Cutter MUS1
100 ## - MAIN ENTRY--AUTHOR NAME
Author name Muslehuddin, Mohammad
245 ## - TITLE STATEMENT
Title Philosophy of Islamic Law and the Orientalists
260 ## - PUBLICATION, DISTRIBUTION, ETC. (IMPRINT)
Place of publication Delhi
Name of publisher Markazi Maktaba Jamat-E-Islami
Year of publication 1985
300 ## - PHYSICAL DESCRIPTION
Number of Pages 302 p
500 ## - GENERAL NOTE
General note includes index and biblioraphy
505 2# - FORMATTED CONTENTS NOTE
Formatted contents note Index, Bibliography
650 ## - SUBJECT ADDED ENTRY--TOPICAL TERM
Topical Term Islamic-Law
942 ## - ADDED ENTRY ELEMENTS (KOHA)
Koha item type Books
700 1# -
-- Muslehuddin, Mohammad
Holdings
Collection code Home library Current library Date acquired Cost, normal purchase price Full call number Accession Number Koha item type
  Henry Martyn Institute Library Henry Martyn Institute Library 08/01/2007 30.00 340.59 MUS1 015988 Books
                   Copyright © 2026 | Henry Martyn Institute | Hyderabad | TS-500052 | INDIA | Implemented by hmi.edu.in
Hit-Count:

Powered by Koha